000 00713nam a2200289Ia 4500
005 20260324130819.0
008 008 260324s9999 xx 000 0 eng d
020 _a9781315583853
037 _aEBOOK
040 _aCRL
040 _beng
040 _cCRL
041 _2eng
041 _aeng
084 _qCRL
100 _aEmma Casey; Lydia Martens
_91183183
245 0 _aGender and Consumption
245 0 _bDomestic Cultures and the Commercialisation of Everyday Life
260 _bTaylor and Francis
260 _c2007
365 _a
365 _b240
856 _uhttp://www.taylorfrancis.com/books/9781315583853
942 _cEBOOK
999 _c1779712
_d1779712